• 首页
  • 本馆介绍
  • 公告通知
  • 最新文献
  • 馆藏检索
  • 电子资源
  • 读者导购
  • 参考咨询
  • 我的图书馆
  • 登录
  • 详细信息显示
  • 放入我的书架
  • 预约/预借图书
  • 作者相关作品
  • 分类相关作品
  • 丛书相关作品
  • 出版社相关作品

书目信息

  • 表格格式
  • 工作单格式
  • 卡片格式
题名:
北京老街
    
 
作者: 陈永祥 绘 ;浩力 , 索毕成 , 史宝辉 著
分册:  
出版信息: 北京   社会科学文献出版社  2006
页数: 130页
开本: 23cm
丛书名:
单 册:
中图分类: K921-64
科图分类:
主题词: 城市道路--北京市--图集 , 城市道路
电子资源:
ISBN: 7-80190-910-0
000 00934nam0 2200277 450
001 1235056985
005 20121013094445.25
010    @a7-80190-910-0@dCNY38.00
100    @a20060221d2006 em y0chiy50 ea
101 0  @achi@aeng
102    @aCN@b110000
105    @aa z 000yy
200 1  @a北京老街@Abei jing lao jie@dOld streets in Beijing@e中英对照彩绘本@f陈永祥绘@g浩力著@g索毕成,史宝辉译@zeng
210    @a北京@c社会科学文献出版社@d2006
215    @a130页@d23cm
330    @a这本收录作者100余幅画作,以中英文对照和彩色图片的形式介绍了老北京城的建筑物。
510 1  @aOld streets in Beijing@zeng
606 0  @a城市道路@y北京市@j图集
606 0  @a城市道路
690    @aK921-64@v4
701  0 @a陈永祥@Achen yong xiang@f(1925.3~)@4绘
702  0 @a浩力@Ahao li@4著
702  0 @a索毕成@Asuo bi cheng@4译
702  0 @a史宝辉@Ashi bao hui@f(1961.11~)@4译
801  0 @aCN@bNLC@c20101222
905    @a10447@dK921-64@eJY54
    
    北京老街=Old streets in Beijing:中英对照彩绘本/陈永祥绘/浩力著/索毕成,史宝辉译.-北京:社会科学文献出版社,2006
    130页;23cm
    
    
    ISBN 7-80190-910-0:CNY38.00
    这本收录作者100余幅画作,以中英文对照和彩色图片的形式介绍了老北京城的建筑物。
●
相关链接 在E读中查询图书 在五车中查询图书 在当当中查询图书 在豆瓣中查询图书


正题名:北京老街     索取号:K921-64/JY54         预约/预借

序号 登录号 条形码 馆藏地/架位号 状态 备注
1 7825968   278259689   学院路分馆/ [索取号:K921-64/JY54] 在馆    
2 7825969   278259698   学院路分馆/ [索取号:K921-64/JY54] 在馆    
唐山师范学院图书馆 欢迎您!
大连网信软件有限公司© 版权所有